| 000 | 00969nam a22002897a 4500 | ||
|---|---|---|---|
| 001 | 5001 | ||
| 003 | FISKH | ||
| 005 | 20250807154301.0 | ||
| 008 | 241031b cb ||||| |||| 00| 0 eng d | ||
| 020 | _a9780545057974 | ||
| 040 |
_aFISKH _beng _cFISKH _dFISKH |
||
| 050 | _aQL755.C66 | ||
| 082 | _a591.518 | ||
| 100 |
_aCooper, Wade _d(1992-) |
||
| 245 |
_aNight creatures / _cWade Cooper |
||
| 250 | _aThis edition first printing in 2008 | ||
| 260 |
_aNew York : _bScholastic, _c2008. |
||
| 300 |
_a30 pages : _bColor illustration ; _c23 cm |
||
| 505 | _aJ | ||
| 520 | _a"Simple words and sentences combine with amazing photographs of real-life animals to make this an inspiring early reader that children will love to read together, read with help--and read alone!"--Cover back. | ||
| 521 | 8 |
_a450L
_bLexile |
|
| 521 | 8 |
_aJ
_bRaz-plus |
|
| 650 |
_2Nocturnal _aScience |
||
| 650 |
_2Night _aAnimals _vNon-fiction |
||
| 942 |
_2ddc _cBK _n0 |
||
| 999 |
_c5001 _d5001 |
||